000
00257nam a2200097Ia 4500
082
_a
AF CROC
245
0
_a
King
100
_a
Crocker, Gareth Johannesburg, South Africa, 2013
_9
91502
942
_c
BK
008
210817s9999 xx 000 0 und d
999
_c
370999
_d
370998